Loading...
| Literature - Poetry | 6 | 3 | 0 | 0 | 120 | 46 | 87.67 | 3 | 9 | 40.72 | 74.29 |
| Philosophy | 7 | 1 | 0 | 0 | 115 | 36 | 64.25 | 5 | 8 | 44.11 | 71.43 |
| History - World | 3 | 7 | 2 | 1 | 105 | 22 | 78.30 | 4 | 6 | 29.78 | 46.67 |
| History - European | 5 | 2 | 1 | 1 | 90 | 31 | 68.14 | 2 | 6 | 37.18 | 50.00 |
| Short Fiction and Other | 3 | 3 | 0 | 1 | 75 | 60 | 96.50 | 3 | 4 | 31.46 | 59.18 |
| Literature - Long Fiction | 3 | 4 | 2 | 1 | 75 | 56 | 97.71 | 3 | 6 | 22.11 | 44.05 |
| Mythology | 3 | 2 | 0 | 1 | 65 | 22 | 73.60 | 3 | 4 | 34.84 | 53.06 |
| History - American | 2 | 3 | 0 | 0 | 60 | 61 | 94.80 | 2 | 2 | 21.05 | 37.50 |
| Fine Arts - Other | 0 | 6 | 1 | 1 | 55 | 93 | 115.50 | 0 | 4 | 9.24 | 22.86 |
| Fine Arts - Classical Music | 0 | 5 | 0 | 0 | 50 | 79 | 101.60 | 0 | 1 | 15.44 | 28.57 |
| History - Other | 3 | 0 | 0 | 0 | 45 | 38 | 54.00 | 1 | 3 | 30.70 | 45.24 |
| Fine Arts - Painting and Sculpture | 1 | 3 | 0 | 1 | 45 | 39 | 96.00 | 1 | 3 | 15.76 | 30.00 |
| Geography | 1 | 3 | 0 | 3 | 45 | 67 | 118.50 | 1 | 2 | 7.33 | 25.00 |
| Religion | 1 | 3 | 1 | 1 | 40 | 44 | 97.25 | 1 | 2 | 15.74 | 28.57 |
| Literature - Drama | 0 | 4 | 1 | 0 | 35 | 86 | 92.50 | 2 | 4 | 20.67 | 46.43 |
| Literature - Short Fiction | 2 | 0 | 0 | 0 | 30 | 50 | 63.50 | 1 | 2 | 59.66 | 85.71 |
| Social Science | 0 | 3 | 1 | 0 | 25 | 81 | 100.33 | 1 | 3 | 6.44 | 16.19 |
| Other Academic | 1 | 2 | 3 | 0 | 20 | 52 | 78.33 | 2 | 2 | 13.30 | 24.29 |
| History - Ancient | 1 | 0 | 0 | 0 | 15 | 34 | 34.00 | 1 | 1 | 76.87 | 100.00 |
| Science - Other | 0 | 1 | 0 | 0 | 10 | 94 | 94.00 | 0 | 1 | 2.62 | 7.94 |
| Science - Biology | 0 | 1 | 1 | 0 | 5 | 83 | 83.00 | 0 | 0 | 4.07 | 5.71 |
| Current Events | 0 | 1 | 1 | 1 | 5 | 147 | 147.00 | 0 | 0 | 0.10 | 2.04 |